000 00504nam a22001931 4500
001 sa 68016538
003 DLC
005 20260227112655.0
008 700716c19681964ii 00000 eng
010 _asa 68016538
025 _aPL480:I-E-10029
050 0 _aPR6052.A5
_bM3 1968
100 1 0 _aBantleman, Lawrence.
245 1 _aMan's fall and woman's fallout.
250 _a[2d ed.
260 0 _aCalcutta,
_bWriters Workshop,
_c1968, c1964]
300 _a[24] p.
_c23 cm.
350 _a6.00
_a($2.00)
999 _c87160
_d87160